000 00698nam a2200253Ia 4500
003 OSt
005 20220918203115.0
006 a|||||r|||| 00| 0
007 ta
008 220917b |||||||| |||| 00| 0 eng d
024 _a106,067
037 _cTextual
040 _aARTS
_cARTS
_beng
041 _2eng
_aeng
082 _aV3:1.N45<-N78, L8
100 _aCook Chris Ed
_995876
245 0 _aFrends in British politics since 1945
260 _aLondon
_bMacmillan
_c1978
300 _axv, 197p. illus
_ccm.
650 _aHISTORY
700 _a Ramsden John
_9106859
942 _hV3:1.N45<-N78, L8
_cTEXL
_2CC
999 _c229425
_d229425